00270nam a2200121Ia 45000030006000000080041000060400015000471000016000622450021000782600020000995460012001190050017001310STCL150530s9999 xx 000 0 und d aSTCLcSTCL aHenry James aSpoils of pynton bMacmillanc1922 aEnglish20220125171021.0